Premier League top scorers by nationality Quiz Stats

 Plays Quiz not verified by Sporcle

Score 0/97 Timer 20:00
27 Plays Today
Nationality (Goals) Player % Correct
Argentina (164*)Sergio Aguero
87.4%
England (260)Alan Shearer
84.5%
Belgium (113*)Romelu Lukaku
82%
France (175)Thierry Henry
78.1%
Ivory Coast (104)Didier Drogba
75.8%
Algeria (46*)Riyad Mahrez
72.2%
Chile (63*)Alexis Sanchez
69.8%
Bosnia and Herzegovina (50)Edin Dzeko
67%
Egypt (56*)Mohamed Salah
66.7%
Australia (92)Mark Viduka
66.5%
Portugal (84)Cristiano Ronaldo
66.1%
Korea Republic (42*)Son Heung-min
66%
Senegal (66*)Sadio Mane
64.9%
Wales (109)Ryan Giggs
63.6%
Republic of Ireland (126)Robbie Keane
63.5%
Mexico (52*)Javier Hernandez
63.2%
Netherlands (144)Robin Van Persie
60.3%
Bulgaria (94)Dimitar Berbatov
58.2%
Trinidad & Tobago (123)Dwight Yorke
57.1%
Spain (85)Fernando Torres
56.6%
Uruguay (69)Luis Suarez
54.4%
Brazil (48*)Roberto Firmino
48.5%
Togo (97)Emmanuel Adebayor
47%
Denmark (49*)Christian Eriksen
47%
Austria (43*)Marko Arnautovic
45.3%
Armenia (13*)Henrikh Mkhitaryan
43.4%
Ecuador (24*)Antonio Valencia
42.8%
USA (57)Clint Dempsey
41.8%
Israel (31)Yossi Benayoun
41.4%
Germany (32*)Mesut Ozil
39.4%
Iceland (59*)Gylfi Sigurdsson
38.1%
Belarus (8)Alex Hleb
35.4%
Costa Rica (50)Paulo Wanchope
35.3%
Nationality (Goals) Player % Correct
Norway (91)Ole Gunnar Solskjaer
35.1%
Liberia (4)George Weah
33.9%
Switzerland (21*)Xherdan Shaqiri
33.2%
Kenya (10*)Victor Wanyama
31.8%
Peru (49)Nolberto Solano
30.4%
Nigeria (95)Yakubu
30.2%
Japan (14)Shinji Okazaki
25.7%
Venezuela (35*)Salomon Rondon
25.5%
Mali (43)Frederic Kanoute
23.4%
Italy (66)Paolo Di Canio
23.1%
Paraguay (26)Roque Santa Cruz
23%
Latvia (42)Marians Pahars
22.4%
Scotland (69)Duncan Ferguson
21.5%
South Africa (37)Benni McCarthy
21%
Bermuda (13)Shaun Goater
20.7%
Gabon (32*)Pierre-Emerick Aubameyang
19.8%
Czech Republic (38)Patrik Berger
19.4%
Estonia (1*)Ragnar Klavan
18.9%
Montenegro (8)Stevan Jovetic
18.3%
Colombia (44)Juan Pablo Angel
17.9%
New Zealand (21*)Chris Wood
17.8%
Sweden (48)Fredrik Ljungberg
17.8%
Ukraine (10)Sergei Rebrov
17.2%
Angola (2)Manucho
16.7%
Finland (34)Mikael Forssell
15.7%
China (3)Sun Jihai
14.9%
Canada (35)Tomasz Radzinski
14.3%
Ghana (24)Tony Yeboah
13.5%
Russia (42)Andrei Kanchelskis
13.1%
Romania (23)Dan Petrescu
12.6%
Hungary (17)Zoltán Gera
12.3%
Benin (25)Stephane Sessegnon
12.2%
Zimbabwe (34)Peter Ndlovu
11.7%
Nationality (Goals) Player % Correct
DR Congo (24)Lomana LuaLua
11.1%
Jamaica (56)Jason Euell
10.7%
Grenada (36)Jason Roberts
10.2%
Gibraltar (9)Danny Higginbotham
9.6%
Burkina Faso (2)Bertrand Traore
8.5%
Guinea (9)Titi Camara
8.4%
Croatia (29)Nikica Jelavic
8%
Georgia (8)Temuri Ketsbaia
7.8%
Turkey (34)Muzzy Izzet
7.3%
Northern Ireland (33)Iain Dowie
7.1%
Burundi (23)Saido Berahino
6.9%
Cameroon (16)Joseph-Desire Job
6.9%
Honduras (4)Maynor Figueroa
6.8%
Greece (20)Stelios Giannakopoulos
6.8%
Congo (16)Chris Samba
6.4%
Montserrat (36)Ruel Fox
6.1%
Serbia (29)Savo Milosevic
5.9%
Barbados (11)Emerson Boyce
5%
Guyana (28)Carl Cort
4.4%
Sierra Leone (1)Kei Kamara
4%
Morocco (16)Hassan Kachloul
4%
Iran (6)Ashkan Dejagah
3.8%
Slovenia (4)Robert Koren
3.7%
Poland (1)Robert Warzycha & Marcin Wasilewski & Jan Bednarek
3.6%
Gambia (1)Modou Barrow
3.6%
Tunisia (8)Radhi Jaidi
3.5%
Slovakia (23)Szilard Nemeth
3.4%
Macedonia (4)Gjorgji Hristov
3.4%
Antigua & Barbuda (2)Mikele Leigertwood
3.3%
Curacao (6)Leandro Bacuna
3.1%
Saint Kitts & Nevis (1)Bobby Bowry
1.6%

You're not logged in!

Compare scores with friends on all Sporcle quizzes.
OR
Log In

Show Comments

Extras

Top Quizzes Today


Score Distribution

Your Account Isn't Verified!

In order to create a playlist on Sporcle, you need to verify the email address you used during registration. Go to your Sporcle Settings to finish the process.

Report this User

Report this user for behavior that violates our Community Guidelines.

Details: